South Eastern Kenya University

Library Online Public Access Catalogue


Babysense : (Record no. 10325)

MARC details
000 -LEADER
fixed length control field 00878pam a2200277 a 4500
001 - CONTROL NUMBER
control field 1996797
003 - CONTROL NUMBER IDENTIFIER
control field OSt
005 - DATE AND TIME OF LATEST TRANSACTION
control field 20160204095300.0
008 - FIXED-LENGTH DATA ELEMENTS--GENERAL INFORMATION
fixed length control field 900921s1991 nyua 001 0 eng
010 ## - LIBRARY OF CONGRESS CONTROL NUMBER
LC control number 90019119
020 ## - INTERNATIONAL STANDARD BOOK NUMBER
International Standard Book Number 0312050569 (pbk.) :
020 ## - INTERNATIONAL STANDARD BOOK NUMBER
International Standard Book Number 0312050550 (hardback)
040 ## - CATALOGING SOURCE
Original cataloging agency SEKU
050 00 - LIBRARY OF CONGRESS CALL NUMBER
Classification number RJ 61
Item number .B8 1991
082 00 - DEWEY DECIMAL CLASSIFICATION NUMBER
Classification number 649/.122
Edition number 20
100 1# - MAIN ENTRY--PERSONAL NAME
Personal name Burck, Frances Wells.
245 10 - TITLE STATEMENT
Title Babysense :
Remainder of title a practical and supportive guide to baby care /
Statement of responsibility, etc. written by Frances Wells Burck ; with the help of more than 500 parents ; illustrations by Diana Thewlis.
250 ## - EDITION STATEMENT
Edition statement 2nd ed.
260 ## - PUBLICATION, DISTRIBUTION, ETC. (IMPRINT)
Place of publication, distribution, etc. New York :
Name of publisher, distributor, etc. St. Martin's Press,
Date of publication, distribution, etc. 1991.
300 ## - PHYSICAL DESCRIPTION
Extent 313 p. :
Other physical details ill.
500 ## - GENERAL NOTE
General note Rev. ed. of: Baby sense, c1979.
500 ## - GENERAL NOTE
General note Includes index.
650 #0 - SUBJECT ADDED ENTRY--TOPICAL TERM
Topical term or geographic name as entry element Infants
General subdivision Care.
700 1# - ADDED ENTRY--PERSONAL NAME
Personal name Burck, Frances Wells.
Title of a work Baby sense.
942 ## - ADDED ENTRY ELEMENTS (KOHA)
Source of classification or shelving scheme Library of Congress Classification
Koha item type General circulation
Holdings
Withdrawn status Lost status Source of classification or shelving scheme Damaged status Not for loan Home library Current library Shelving location Date acquired Source of acquisition Total Checkouts Full call number Barcode Date last seen Price effective from Koha item type Public note
    Library of Congress Classification     Main Campus Library Main Campus Library General Stacks 04/02/2016 Donation-Books for Africa   RJ 61 .B8 1991 2015/009574 04/02/2016 04/02/2016 General circulation JCL
Kitui, Kenya.
+254736116989
library@seku.ac.ke